| 000 | 00347nam a2200133Ia 4500 | ||
|---|---|---|---|
| 008 | 240624s9999 xx 000 0 und d | ||
| 041 | _aeng | ||
| 082 | _a338.47004 STE | ||
| 100 | _aSTEIN JAN PAUL | ||
| 245 | _aTECHNOLOGY FOCUSED ACQUISITIONS PERFORMA | ||
| 260 |
_c2017 _aGermany _bDe Gruyter |
||
| 300 | _axxii, 206 p.; 23 cm. | ||
| 365 |
_c _b33 |
||
| 999 |
_c32434 _d32434 |
||